000 01283cad a22002415a 4500
001 L147380
008 090507s2009 xxkad f s 000 0 eng d
035 _a(Sirsi) u147380
041 0 _aeng
050 0 4 _a333.22 $2 18
110 2 _aCBI/GVA Grimley
_95488
245 0 0 _aCBI/GVA Grimley corporate real estate survey
_bSpring 2009
_h[electronic resource]
300 _aLondon
_bCBI/GVA Grimley
_c2009
490 0 _aCBI/GVA Grimley Corporate Real Estate Survey
_vSpring 2009
520 _aHighlights the fall in business confidence since the third quarter of 2008 and the variation in responses across different sectors and regions. Anticipates space reductions across all sizes and most regions, especially London and the South East. Expects property holdings will be reduced by allowing leases to expire, exercising break clauses and, if needed, increasing their surplus space.
520 _aFormerly CBI/GVA Grimley Survey of Property Trends.
590 _aKA NTK
650 2 4 _aCBI/CGV GRIMLEY CORPORATE REAL ESTATE SURVEY
651 4 _aUnited Kingdom
_y
690 _aPROPERTY-COMMERCIAL PROPERTY-COMMERCIAL PROPERTY MARKET
856 4 0 _uhttps://www.gvagrimley.co.uk/x7648.xml/
_zView this report free of charge under publications at www.gvagrimley.co.uk...
942 _n0
999 _c109528
_d109528